Koirarodut maittain - Belgia - Statistics

Yleistilastot
  • Tätä visaa on pelattu 19 kertaa
  • Keskiarvotulos 5 / 8
Vastaustilastot
Kuvavisa Vastaus % Oikein
Papillon
88%
Belgianpaimenkoira malinois
82%
Schipperke
65%
Vihikoira
65%
Belgianpaimenkoira tervueren
53%
Belgianpaimenkoira groenendael
47%
Belgianpaimenkoira laekenois
41%
Phalène
41%
Ehtoja vastaavia visoja ei löytynyt
Tulosjakauma
Jokaisen tuloksen saaneiden osuus
Persentiili vastausten määrän mukaan
Tuloshistoriasi
Et ole pelannut tätä visaa